| 000 | 00358nam a22001457a 4500 | ||
|---|---|---|---|
| 003 | MACL | ||
| 005 | 20190628160516.0 | ||
| 008 | 190628b xxu||||| |||| 00| 0 eng d | ||
| 040 | _cMACL | ||
| 100 |
_aGhosh,L.K. _975652 |
||
| 245 | _aLearning To Teach With A Hangover | ||
| 260 |
_aDelhi _bBook Temple _c2017 |
||
| 650 |
_aEducation _975653 |
||
| 942 |
_2ddc _cBK |
||
| 999 |
_c60339 _d60339 |
||